000 00391nam a22001697a 4500
005 20230605192011.0
008 230605b |||||||| |||| 00| 0 eng d
020 _a9788177582628
082 _a621.3822
_bOPP-S
100 _aOppenhiem.Alan.V
245 _aSignal&System
250 _a2nd
260 _aIndia
_c1997
650 _aEngineering
700 _aAlan V.Oppenhiem
999 _c18586
_d18586